000 00357 a2200133 4500
000 nam a22 7a 4500
100 _a Scott Aaronson
110 _a Scott Aaronson
245 _aQuantum Computing Since Democritus
250 _alatest edition
260 _bCambridge University Press
_c2025
264 _bCambridge University Press
_c2025
942 _cBK
999 _c397160
_d397160